Το πανεπιστημιακό διδακτικό και ερευνητικό προσωπικό : η επιστημονική και κοινωνική φυσιογνωμία του ΔΕΠ της Παντείου Ανωτάτης Σχολής Πολιτικών Επιστημών (1927-1988)
Αποθηκεύτηκε σε:
| Κύριος συγγραφέας: | |
|---|---|
| Μορφή: | Βιβλίο |
| Γλώσσα: | Greek |
| Δημοσίευση: |
Αθήνα :
Παπαζήσης,
1995.
|
| Θέματα: | |
| Ετικέτες: |
Προσθήκη ετικέτας
Δεν υπάρχουν, Καταχωρήστε ετικέτα πρώτοι!
|
MARC
| LEADER | 00000cam a2200000 i 4500 | ||
|---|---|---|---|
| 001 | 1/65471 | ||
| 008 | 020515s1995 gr | ||| |||| ||gre|| | ||
| 020 | |a 960021123X | ||
| 035 | |l 10001562 | ||
| 040 | |a GR-MY-UA |b gre |e aacr | ||
| 041 | 0 | |a gre | |
| 082 | 7 | |a 378.1209495 |2 (22) | |
| 100 | 1 | |a Κουτσούκης, Κλεομένης Σ., |d 1937- | |
| 245 | 1 | 3 | |a Το πανεπιστημιακό διδακτικό και ερευνητικό προσωπικό : |b η επιστημονική και κοινωνική φυσιογνωμία του ΔΕΠ της Παντείου Ανωτάτης Σχολής Πολιτικών Επιστημών (1927-1988) / |c Κλεομένης Σ. Κουτσούκης. |
| 260 | |a Αθήνα : |b Παπαζήσης, |c 1995. | ||
| 300 | |a 146 σ. ; |c 21 εκ. | ||
| 650 | 0 | 0 | |a College teachers. |
| 650 | 0 | 0 | |a College teachers |z Greece. |
| 650 | 0 | 0 | |a Education, Higher |z Greece. |
| 852 | |a INST |b RHODES |e 20020515 |h 378.1209495 ΚΟΥ |p 005400016507 |q 005400016507 |t BK |y 0 | ||
| 852 | |a INST |b RHODES |e 20050303 |h 378.1209495 ΚΟΥ |p 005400017688 |q 005400017688 |t BK |y 0 | ||
| 901 | |a BIBL4-2002-1 | ||
| 901 | |a BIBL4-2005-3 | ||
| 909 | |a Ρ |b 101058 | ||
| 909 | |a Ρ |b 110545 | ||
| 970 | |a ΚΟΥΛΑΚΙΟΤΗ |b ΛΙΤΣΑ |z 2002/05/15 | ||